000 01736nam0a2200397 4500
001 RU\NLR\bibl\1511085
005 20260406073053.0
010 _a978-5-295-04925-5
_92000
021 _aRU
_b2010-26484
_91782
035 _a(NLR Aleph) 001502482
090 _a1798487
_c1798487
100 _a20100412d2009 |||y0rusy50 ca
101 0 _arus
102 _aRU
105 _aa |||||||||
200 1 _aБашкирский народный курэш
_fР. А. Султангареева
210 _aУфа
_cКитап
_d2009
215 _a142, [2] с., [8] л. цв. ил., портр.
_d21
300 _aВ конце кн. авт.: Султангараева Р.А. - д.филол.н., фольклорист
320 _aБиблиогр.: с. 136-141 (114 назв.) и в подстроч. прим.
320 _aДр. кн. авт. на 143 с.
606 1 _aКурэш (спорт.)
_91182942
_3RU\NLR\auth\66158625
610 0 _aКультура. Наука. Просвещение -- Физическая культура и спорт -- Спортивная борьба -- Национальные виды борьбы -- Курэш -- История - Российская Федерация -- Башкирия
686 _aЧ517.159куреш3(2Р-6Б),0
_2rubbk
686 _aЦ4,5(0)361.12
686 _aЧ517.159
700 1 _4070
_8rus
_7ca
_aСултангареева
_bР. А.
_f1955-
_gРозалия Асфандияровна
_3RU\NLR\auth-onl\77887
_9130942
801 0 _aRU
_bРГБ
_c20100412
_grcr
801 1 _aRU
_bРГБ
_c20100412
801 2 _aRU
_bNLR
_c20100514
_grcr
830 _aавт. по кн.
942 _cBOOK
980 _aNB
980 _aNBR